005980000a22002050004500090001700000245007500017260000900092650002000101650002700121651002000148653002000168041001400188044001300202700003600215700004300251100003700294942001300331773003100344999001700375 aASbSeriadas10aPrimer registro de gripopterygidae (Insecta: Plecoptera) para Colombia c200514aInsectos99262214aEspecies nuevas913627 4pColombia992749 eGripopterygidae0 aEspañol aColombia1 aReinoso Flórez, Gladys9189661 aVilla Navarro, Francisco Antonio950961 aBarreto Vargas, Gildardo9100367 cARTICULO1 tCaldasiah2q246d2005g27 c16208d16208